The building of Manhattan (Record no. 9542)

000 -LEADER
fixed length control field 00374nam a22001457a 4500
003 - CONTROL NUMBER IDENTIFIER
control field OSt
005 - DATE AND TIME OF LATEST TRANSACTION
control field 20210702122246.0
008 - FIXED-LENGTH DATA ELEMENTS--GENERAL INFORMATION
fixed length control field 210702b ||||| |||| 00| 0 eng d
020 ## - INTERNATIONAL STANDARD BOOK NUMBER
International Standard Book Number 9780486473178
082 ## - DEWEY DECIMAL CLASSIFICATION NUMBER
Classification number 690.097471
Item number MAC
100 ## - MAIN ENTRY--PERSONAL NAME
Personal name Mackay, Donald A.
245 ## - TITLE STATEMENT
Title The building of Manhattan
260 ## - PUBLICATION, DISTRIBUTION, ETC. (IMPRINT)
Place of publication, distribution, etc New York
Name of publisher, distributor, etc Dover Publications Inc
Date of publication, distribution, etc 21 April 2010
942 ## - ADDED ENTRY ELEMENTS (KOHA)
Source of classification or shelving scheme
Holdings
Withdrawn status Lost status Source of classification or shelving scheme Damaged status Koha normalized classification for sorting Not for loan Permanent location Current location Date acquired Full call number Barcode Date last seen Price effective from Koha item type
        690_097471000000000_MAC   BMS College of Architecture, Design and Planning BMS College of Architecture, Design and Planning 2021-07-02 690.097471 MAC AR-PG454 2021-07-02 2021-07-02 PG Books
Copyright © 2025, The Librarian, Library and Information Centre, BMSCA D&P, Bengaluru. All Rights Reserved
web counter

Powered by Koha